| 000 | 00580nam a22001817a 4500 | ||
|---|---|---|---|
| 999 |
_c11867 _d11867 |
||
| 003 | AR-CdUCM | ||
| 008 | 190405b ||||| |||| 00| 0 spa d | ||
| 040 |
_aMUNICIPALIDAD PROVINCIAL DEL CUSCO _cBIBLIOTECA MUNICIPAL DEL CUSCO |
||
| 082 |
_22ed. _a803.08 / _bA8 / 1947 |
||
| 100 |
_aAlas, Leopoldo _917832 |
||
| 245 |
_a¡Adiós "Cordera"! : _by otros cuentos / |
||
| 260 |
_aArgentina : _bEspasa - Calpe, _c1947. |
||
| 300 |
_a149 páginas ; _c17 cm. |
||
| 440 |
_aColección Austral _9172 |
||
| 650 |
_aNovela Argentina. _99108 |
||
| 942 |
_2ddc _cLIBROS |
||
| 945 |
_awfj _d2019-04-05 |
||